00354nam a22001337a 450000500170000000800410001702000180005808200190007610000280009524500310012325000120015426000380016630000160020420240614135837.0240614b |||||||| |||| 00| 0 eng d a9789384668013 a343.41 SHA;1 R aSharma, K M. Mago, S P. aNotices civil and criminal a3rd ed. aNew DelhibKamal Publishersc2024 axxviii, 416